Komentár k novele zákona o bankách
Zákonom č. 252/1999 Z.z. bola vykonaná novela zákona č. 21/1992 Zb. o bankách. Komentár k jednotlivým novelizovaným ustanoveniam zákona.
Gespeichert in:
| 1. Verfasser: | |
|---|---|
| Weitere Verfasser: | |
| Format: | Buchkapitel |
| Sprache: | Slowakisch |
| Schlagworte: | |
| Tags: |
Keine Tags, Fügen Sie das erste Tag hinzu!
|
MARC
| LEADER | 00000naa a2200000 4500 | ||
|---|---|---|---|
| 001 | r036729 | ||
| 005 | 20230809074402.2 | ||
| 041 | 0 | |a slo | |
| 044 | |a SK | ||
| 245 | 1 | 0 | |a Komentár k novele zákona o bankách |c Renáta Kuklišová, Oľga Kolářová |
| 520 | |a Zákonom č. 252/1999 Z.z. bola vykonaná novela zákona č. 21/1992 Zb. o bankách. Komentár k jednotlivým novelizovaným ustanoveniam zákona. | ||
| 610 | 2 | 0 | |a banky |
| 610 | 2 | 0 | |a zákony |
| 610 | 2 | 0 | |a novelizácia |
| 610 | 2 | 0 | |a komentáre |
| 610 | 2 | 0 | |a Slovensko |
| 610 | 2 | 0 | |a 1999 |
| 100 | 1 | |a Kuklišová, Renáta | |
| 700 | 1 | |a Kolářová, Oľga | |